Principles of internal medicine /

Bibliographic Details
Other Authors: Harrison, Tinsley Randolph, 1900-1978
Format: Book
Language:English
Published: Philadelphia : Blakiston, 1951.
Subjects:

MARC

Tag First Indicator Second Indicator Subfields
LEADER 00000cam a2200000Ia 4500
001 in00004479821
005 20191202143546.0
008 920907t19511950paua b 000 0 eng d
035 |a (OCoLC)ocm20458681 
035 |a (OCoLC)20458681 
035 |z (UtOrBLW)16636 
035 |a 28249 
040 |a OKU  |b eng  |c OKU  |d OCLCG  |d OCLCQ  |d TMV  |d UtOrBLW 
049 |a TMVM  |c 1  |v 1  |v 2 
060 4 |a WB 115  |b H322p 1951 
245 0 0 |a Principles of internal medicine /  |c T.R. Harrison, editor-in-chief ; editors, Paul B. Beeson [and others]. 
264 1 |a Philadelphia :  |b Blakiston,  |c 1951. 
264 4 |c [©1950] 
300 |a xxix, 1590 pages :  |b illustrations (some color) ;  |c 27 cm. 
336 |a text  |2 rdacontent  |b txt 
337 |a unmediated  |2 rdamedia 
338 |a volume  |2 rdacarrier  |b nc 
504 |a Includes bibliographical references. 
650 2 |a Medicine. 
650 2 |a Internal Medicine. 
650 0 |a Medicine  |x Practice. 
700 1 |a Harrison, Tinsley Randolph,  |d 1900-1978. 
999 |a MARS 
999 f f |s fc2b3bc3-b176-35a9-93d5-bbd816b2e2a0  |i 82acdfa8-39bf-3f1f-a75f-76893217db75  |t 0 
952 f f |p preservation  |a Texas A&M University  |b J.J. Pickle Campus  |c High Density Repository  |d Remote Storage  |t 0  |e WB 115 H322p 1951  |h National Library of Medicine classification  |i unmediated -- volume  |k v.2  |m 3238902316767 
952 f f |p preservation  |a Texas A&M University  |b J.J. Pickle Campus  |c High Density Repository  |d Remote Storage  |t 0  |e WB 115 H322p 1951  |h National Library of Medicine classification  |i unmediated -- volume  |k v.1  |m 3238902316756 
998 f f |a WB 115 H322p 1951  |s v.1-v.2  |t 0  |l Remote Storage